00518 a2200193 4500001000700000020003000007020002500037041000800062082001100070100001800081250001000099300001000109490003600119830003600155856002400191040002500215245005600240260002800296112368 a9781410947147 (lib. bdg.) a9781410947208 (pbk.) aeng a999999 aNunn, Daniel. a. ed. a24 p. aHide and seek (Raintree (Firm)) aHide and seek (Raintree (Firm)) u000020/000020fa.jpg aBR-BrIDEAcBR-BrIDEA10aIn front of or behindbwhere's Eddie?c Daniel Nunn aChicagobRaintreec2013